000 00523nam a2200181Ia 4500
003 GCL
008 140319s9999 xx 000 0 ara d
040 _aGCL /
_cGCL
082 0 4 _a611.9
_bم ع
100 1 _aمحمد فتحى هندى
245 1 0 _aعلم التشريح الطبى للرياضيين /
_cمحمد فتحى هندى
260 _a[S.N] :
_bدار الفكر العربى ،
_c1991
300 _a288 ص
490 _a
650 0 4 _aجسم الانسان
650 0 4 _aالتشريح
942 _2ddc
_cBK
999 _c32529
_d32529